00474nam a22001697a 450000500170000001000130001702000260003003500130005603700100006908200080007924500580008726000410014527000570018630000230024350000200026670000180028620110929105321.0 aG-001462 c500.00a97881892398001daG-001462 bGift  a950 aHistory of China and Japan /cedited by Rajesh Kumar  aNew Delhi bMurari Lal & Sons c2009 a4378/4B, Ansari Road, Darya GnajbNew Delhi e110002 avi, 240pc22cm(Hb) aIncludes index  aRajesh Kumar